000 00333 a2200121 4500
005 20250602061958.0
020 _a0750675594
100 _aROUGHTON, J.E
245 _aOSHA 2002 Recordkeeping Simplified
260 _aBurlington
_bButterworth Heinemann
_c2003
300 _axxiii, 471p.
_bill, pictures, tables
_c23.3 cm
942 _2ddc
_cBKS
999 _c2943
_d2943